000 00771nam a22002297a 4500
999 _c12284
_d12284
003 AR-CdUCM
008 190408b ||||| |||| 00| 0 spa d
040 _aMUNICIPALIDAD PROVINCIAL DEL CUSCO
_cBIBLIOTECA MUNICIPAL DEL CUSCO
082 _aC / 985.01 /
_bV17
100 _aValcarcel, Luis E.
_9628
245 _aDel ayllu al imperio /
260 _aLima :
_c1925.
505 _aLas panacas -- Los Ayllus -- Formación del estado cuzqueño -- Periodo de guerra -- Periodo de cooperación ...
650 _aCusco.
_9772
650 _aFormación del imperio.
_930062
650 _aImperio inca.
_9770
650 _aPanacas.
_930063
650 _aAyullus.
_930064
650 _aConfederaciones regionales.
_930065
942 _2ddc
_cLIBROS
945 _awfj
_d2019-04-08